| 000 | 00721nam a2200253 a 4500 | ||
|---|---|---|---|
| 005 | 20210219152906.0 | ||
| 008 | 991125n 000 0 spa u | ||
| 035 | _aUPN01000065928 | ||
| 100 | _aLORTIC, Elizabeth | ||
| 222 |
_aEDUCACION Y BIBLIOTECA : _bREVISTA MENSUAL DE DOCUMENTACION Y RECURSOS DIDACTICOS |
||
| 245 | _aLos bebés las ciencias y los libros | ||
| 300 | _a44-45 | ||
| 362 | _a1992 Año 4, No. 31, nov. | ||
| 653 | 0 | _aDESARROLLO INFANTIL | |
| 653 | 0 | _aFOMENTO A LA LECTURA | |
| 653 | 0 | _aLECTURA | |
| 653 | 0 | _aLIBROS DE MADERA | |
| 653 | 0 | _aLIBROS DE PLASTICO | |
| 653 | 0 | _aLIBROS DE TELA | |
| 653 | 0 | _aLIBROS INFANTILES | |
| 653 | 0 | _aNIÑOS | |
| 904 |
_aAC _b003739 |
||
| 905 | _aArticulo | ||
| 999 |
_c63203 _d63203 |
||